| 000 | 00764nam a2200229 i 4500 | ||
|---|---|---|---|
| 001 | 28871 | ||
| 003 | ES-MaACL | ||
| 005 | 20250912063037.0 | ||
| 007 | t| | ||
| 008 | 030120s1953 sp ||||1| spa d | ||
| 100 | 1 |
_aBagué, Enric, _d1900-1987 _9161547 |
|
| 245 | 1 | 0 |
_aPequeña historia de la humanidad medieval / _cEnrique Bagué. |
| 250 | _a[1ª ed.]. | ||
| 260 |
_aBarcelona : _bAymá, _c[1953] ( _fRafael Salvá) |
||
| 300 |
_a198 p., 17 lám. : _bil. ; _c21 cm. |
||
| 490 | 1 |
_aManuales ilustrados Telémaco ; _v1 |
|
| 650 | 4 |
_aCivilización medieval. _9146249 |
|
| 651 | 4 |
_aEuropa- _xHistoria- _y0476-1492. _9160435 |
|
| 830 | 0 |
_aManuales ilustrados Telémaco ; _v1 _9229284 |
|
| 852 |
_aES-MaACL _jC-5551 _bR.34544 |
||
| 999 |
_c28871 _d28871 |
||